000 00431nam a2200181Ia 4500
001 9697
005 20260306161737.0
008 260306t2018||||xx |||||||||||||| ||spa||
041 _aESP
082 _a398.20985
_bA52
100 _aAmat Olazábal, M. Hernán
_eAUT
245 0 _aEl ciclo mítico de Tunupa
260 _c2018
300 _a321 páginas :
_c30 cm.
650 _aGEN
654 _aCHU
942 _cLIB
_dJUS
_fJUS
_2ddc
_n
999 _c9697
_d9697